| Tag |
First Indicator |
Second Indicator |
Subfields |
| LEADER |
00000cam a2200000 4500 |
| 001 |
in00000307237 |
| 005 |
20151010143658.0 |
| 008 |
770601s1955 nyua 00000 engm |
| 010 |
|
|
|a 55004613
|
| 035 |
|
|
|a (OCoLC)03007617
|
| 035 |
|
|
|9 ABH5658AM
|
| 040 |
|
|
|a DLC
|c BAL
|d BAL
|d TXA
|d UtOrBLW
|
| 049 |
|
|
|a TXAM
|c [260584]
|
| 050 |
0 |
0 |
|a QC786
|b .R4
|
| 082 |
0 |
|
|a 539.76*
|
| 245 |
0 |
0 |
|a Reactor handbook: physics /
|c Contributors: Argonne National Laboratory [and others. Coordination and editing by J. F. Hogerton and R. C. Grass, Vitro Corporation of America.
|
| 250 |
|
|
|a [1st ed.].
|
| 264 |
|
1 |
|a New York :
|b McGraw-Hill,
|c 1955.
|
| 300 |
|
|
|a xvi, 790 pages :
|b illustrations ;
|c 27 cm.
|
| 336 |
|
|
|a text
|b txt
|2 rdacontent
|
| 337 |
|
|
|a unmediated
|b n
|2 rdamedia
|
| 338 |
|
|
|a volume
|b nc
|2 rdacarrier
|
| 490 |
1 |
|
|a United States. Atomic Energy Commission. Selected reference material on atomic energy
|
| 650 |
|
0 |
|a Nuclear reactors.
|
| 710 |
1 |
|
|a United States.
|b Argonne National Laboratory, Chicago.
|
| 710 |
2 |
2 |
|a Vitro Corporation of America.
|
| 830 |
|
0 |
|a Selected reference material on atomic energy.
|
| 999 |
|
|
|a MARS
|
| 999 |
f |
f |
|s 445ecd90-73c4-3d78-85f8-d2de2d3f5dc0
|i 85273011-8c28-3ffa-a3e9-d0a5dcf08548
|t 0
|
| 952 |
f |
f |
|p normal
|a Texas A&M University
|b College Station
|c Sterling C. Evans Library
|d Evans: Library Stacks
|t 0
|e QC786 .R4
|h Library of Congress classification
|i unmediated -- volume
|m A14804649536
|
| 998 |
f |
f |
|a QC786 .R4
|t 0
|l Evans: Library Stacks
|